Who are we now? ; (Record no. 10169)

MARC details
000 -LEADER
fixed length control field 00360nam a22001337a 4500
008 - FIXED-LENGTH DATA ELEMENTS--GENERAL INFORMATION
fixed length control field 190326b ||||| |||| 00| 0 eng d
020 ## - INTERNATIONAL STANDARD BOOK NUMBER
International Standard Book Number 9781529017786
082 ## - DEWEY DECIMAL CLASSIFICATION NUMBER
Classification number 385.5 COW
100 ## - MAIN ENTRY--PERSONAL NAME
Personal name Cowley, Jason.
245 ## - TITLE STATEMENT
Title Who are we now? ;
Remainder of title stories of modern England.
260 ## - PUBLICATION, DISTRIBUTION, ETC.
Place of publication, distribution, etc. London ;
Name of publisher, distributor, etc. Picador,
Date of publication, distribution, etc. 2022.
300 ## - PHYSICAL DESCRIPTION
Extent 271 p. :
Dimensions 26 cm.
Other physical details ill. ;
942 ## - Added entry Elements (Koha)
Source of classification or shelving scheme Dewey Decimal Classification
Holdings
Withdrawn status Lost status Source of classification or shelving scheme Damaged status Not for loan Collection code Home library Current library Shelving location Date acquired Inventory number Total Checkouts Full call number Barcode Date last seen Price effective from Koha item type
    Dewey Decimal Classification     Main TEST RTC Library RTC Library Main opac 20/03/2025 19177   385.5 COW 30020349 20/03/2025 20/03/2025 BookAid International
Royal Thimphu College || All Right Reserved